Street Smart Franchising: Read This Before You Buy a Franchise : (Record no. 594068)

MARC details
000 -LEADER
fixed length control field 00496nam a2200181 a 4500
008 - FIXED-LENGTH DATA ELEMENTS--GENERAL INFORMATION
fixed length control field 251026s2006##################000#0#eng##
020 ## - INTERNATIONAL STANDARD BOOK NUMBER
ISBN 9781599180212
082 04 - DEWEY DECIMAL CLASSIFICATION NUMBER
Classification number 658.8708
Item number MAT
100 1# - MAIN ENTRY--AUTHOR NAME
Personal name Mathews, Joe,
245 10 - TITLE STATEMENT
Title Street Smart Franchising: Read This Before You Buy a Franchise :
260 ## - PUBLICATION, DISTRIBUTION, ETC. (IMPRINT)
Name of publisher Entrepreneur Press,
Year of publication 2006.
650 #0 - SUBJECT ADDED ENTRY--TOPICAL TERM
Topical Term Business & Economics.
942 ## - ADDED ENTRY ELEMENTS (KOHA)
Koha item type English Books
Holdings
Withdrawn status Lost status Damaged status Not for loan Home library Current library Shelving location Date acquired Full call number Accession Number Price effective from Koha item type
        Anna Centenary Library Anna Centenary Library 6TH FLOOR, B WING 26.10.2025 658.8708 MAT 407840 26.10.2025 English Books

Find us on the map